[Event "33rd Leon Blitz Open 2020"]
[Site "chess.com INT"]
[Date "2020.07.14"]
[Round "4"]
[White "Efimenko, Zahar"]
[Black "Diaz, Conrado"]
[Result "1-0"]
[WhiteTitle "GM"]
[WhiteElo "2602"]
[BlackElo "2273"]
[WhiteFideId "14107201"]
[BlackFideId "5207304"]
[EventDate "2020.07.14"]
[EventType "blitz"]

1. Nf3 Nf6 2. g3 d5 3. Bg2 c6 4. O-O g6 5. b3 Bg7 6. Bb2 O-O 7. c4 Nbd7 8. d3
Re8 9. Nc3 e5 10. cxd5 cxd5 11. Rc1 a6 12. Na4 b6 13. Qd2 Bb7 14. Rc2 Rc8 15.
Rfc1 Rxc2 16. Qxc2 e4 17. Nd4 exd3 18. Qxd3 b5 19. Nc5 Nxc5 20. Rxc5 Nd7 21. Rc1
Ne5 22. Qd2 Qd7 23. h3 h5 24. Rd1 Kh7 25. Nc2 Rc8 26. Ne3 d4 27. Bxb7 Qxb7 28.
Bxd4 Nc6 29. Bxg7 Kxg7 30. Qb2+ Kh7 31. Nd5 Kh6 32. e4 Ne7 33. Qd2+ Kg7 34. Qd4+
Kh6 35. Qf6 Nxd5 36. Rxd5 Rc6 37. Rxh5+ Kxh5 38. Qh4# 1-0

[Event "33rd Leon Blitz Open 2020"]
[Site "chess.com INT"]
[Date "2020.07.14"]
[Round "4"]
[White "Xu, Yuanyuan"]
[Black "De Silva, L M S T"]
[Result "1-0"]
[WhiteTitle "WGM"]
[BlackTitle "FM"]
[WhiteElo "2317"]
[BlackElo "2114"]
[WhiteFideId "8601089"]
[BlackFideId "9953698"]
[EventDate "2020.07.14"]
[EventType "blitz"]

1. d4 Nf6 2. c4 e6 3. g3 d5 4. Nf3 Be7 5. Bg2 O-O 6. O-O b6 7. cxd5 exd5 8. Nc3
Bb7 9. Ne5 c6 10. e4 dxe4 11. Nxe4 Nxe4 12. Bxe4 Bf6 13. Bf4 Bxe5 14. Bxe5 Nd7
15. Bf4 Nf6 16. Bg2 Nd5 17. Bd2 Qd7 18. Re1 Rfd8 19. Bc3 Rac8 20. Qd2 h5 21. Re5
g6 22. Rae1 Re8 23. Bh3 Qxh3 24. Rxe8+ Rxe8 25. Rxe8+ Kg7 26. Qg5 Ba6 27. Re1
Bc8 28. Bd2 Be6 29. Qh6+ Kg8 30. Bf4 Nxf4 31. Qxf4 Bd5 32. Re8+ Kh7 33. f3 Qd7
34. Qe5 f6 35. Re7+ Kg8 36. Qxf6 1-0

[Event "33rd Leon Blitz Open 2020"]
[Site "chess.com INT"]
[Date "2020.07.14"]
[Round "4"]
[White "Kotsur, Pavel"]
[Black "Aravindh, Chithambaram VR."]
[Result "0-1"]
[WhiteTitle "GM"]
[BlackTitle "GM"]
[WhiteElo "2517"]
[BlackElo "2641"]
[WhiteFideId "13700278"]
[BlackFideId "5072786"]
[EventDate "2020.07.14"]
[EventType "blitz"]

1. e4 c5 2. Nf3 d6 3. Bb5+ Nc6 4. O-O Bd7 5. Re1 Ne5 6. Bxd7+ Qxd7 7. d3 e6 8.
Nbd2 Ne7 9. Ng5 h6 10. Nh3 g5 11. f4 gxf4 12. Nxf4 N7g6 13. Nh5 O-O-O 14. Rf1
Be7 15. Qe2 Rhg8 16. a3 Qa4 17. Nf3 Nxf3+ 18. Rxf3 Ne5 19. Rf1 Bg5 20. c3 Qb5
21. Rd1 Kb8 22. a4 Qa6 23. h3 Rg6 24. Bxg5 Rxg5 25. Nf4 Rdg8 26. b4 cxb4 27.
cxb4 Ng6 28. Nxg6 R8xg6 29. b5 Qb6+ 30. Kh2 Qd4 31. Ra2 Rxg2+ 32. Qxg2 Rxg2+ 33.
Kxg2 f5 34. exf5 Qd5+ 0-1

[Event "33rd Leon Blitz Open 2020"]
[Site "chess.com INT"]
[Date "2020.07.14"]
[Round "4"]
[White "Henderson de La Fuente, Lance"]
[Black "Anton Guijarro, David"]
[Result "1-0"]
[WhiteTitle "GM"]
[BlackTitle "GM"]
[WhiteElo "2491"]
[BlackElo "2703"]
[WhiteFideId "32096585"]
[BlackFideId "2285525"]
[EventDate "2020.07.14"]
[EventType "blitz"]

1. d4 f5 2. Nc3 Nf6 3. Bg5 d5 4. Nf3 Be6 5. e3 Nbd7 6. Bd3 g6 7. Ne2 Ne4 8. Bf4
Bg7 9. h4 c5 10. c3 Qb6 11. Rb1 c4 12. Bc2 Qa5 13. a3 Bf6 14. Ng5 Bf7 15. f3
Nxg5 16. hxg5 Bg7 17. Kf2 e6 18. b4 Qd8 19. Ba4 a6 20. Bxd7+ Qxd7 21. Be5 Kf8
22. Nf4 Bxe5 23. dxe5 Qe7 24. Nh3 Kg7 25. Qd4 Be8 26. Qh4 Ba4 27. Nf4 Kf7 28.
Qg3 Bc2 29. Rbc1 Bd3 30. Rh6 Qf8 31. Rch1 Qg7 32. R1h4 a5 33. Qh2 axb4 34. axb4 1-0

[Event "33rd Leon Blitz Open 2020"]
[Site "chess.com INT"]
[Date "2020.07.14"]
[Round "4"]
[White "Chan, Yi Ren Daniel"]
[Black "Baches Garcia, Guillermo"]
[Result "0-1"]
[WhiteTitle "FM"]
[BlackTitle "IM"]
[WhiteElo "2316"]
[BlackElo "2329"]
[WhiteFideId "5801583"]
[BlackFideId "2209764"]
[EventDate "2020.07.14"]
[EventType "blitz"]

1. d4 Nf6 2. Bf4 e6 3. e3 d5 4. Nf3 Bd6 5. Nbd2 O-O 6. Bg3 c5 7. c3 Qc7 8. Ne5
Nbd7 9. f4 b6 10. Bd3 Bb7 11. O-O Ne4 12. Bxe4 dxe4 13. Ndc4 Be7 14. Nxd7 Qxd7
15. Ne5 Qd5 16. Qe2 a5 17. Rfd1 Ba6 18. c4 Qb7 19. d5 exd5 20. Qh5 Rad8 21. cxd5
Rxd5 22. Rxd5 Qxd5 23. Rd1 Qxa2 24. h3 Qxb2 25. Rd7 Be2 26. Ng4 Bxg4 27. hxg4
Bf6 28. g5 g6 29. Qg4 Bg7 30. f5 Qc1+ 31. Kh2 gxf5 32. Qxf5 Qc4 33. Rb7 Qe6 34.
Qf4 a4 35. Qc7 a3 36. Rxb6 Qxb6 37. Qxb6 a2 38. g6 hxg6 39. Qxc5 a1=Q 40. Bd6
Ra8 41. Qc6 Be5+ 42. Kh3 Bxd6 43. Qxa8+ Qxa8 0-1

[Event "33rd Leon Blitz Open 2020"]
[Site "chess.com INT"]
[Date "2020.07.14"]
[Round "4"]
[White "Le Goff, Ronan"]
[Black "Ogloblin, Nikolay"]
[Result "1/2-1/2"]
[WhiteTitle "FM"]
[BlackTitle "IM"]
[WhiteElo "2267"]
[BlackElo "2346"]
[WhiteFideId "612073"]
[BlackFideId "4139658"]
[EventDate "2020.07.14"]
[EventType "blitz"]

1. d4 Nf6 2. Nf3 e6 3. e3 b6 4. Bd3 Bb7 5. O-O Be7 6. c4 O-O 7. Nc3 d5 8. cxd5
exd5 9. Ne5 Nbd7 10. f4 Ne4 11. Qa4 Ndf6 12. Nc6 Qe8 13. Nxe7+ Qxe7 14. Ne2 Rfe8
15. b3 a6 16. Ba3 Qe6 17. f5 Qc8 18. Rf3 c5 19. dxc5 Nxc5 20. Bxc5 bxc5 21. Rh3
Re5 22. Rc1 Qf8 23. Qa5 Rc8 24. Qb6 Qe7 25. Bxa6 Bxa6 26. Qxa6 Re8 27. Qd3 d4
28. b4 Rxe3 29. Rxe3 Qxe3+ 30. Qxe3 Rxe3 31. Kf2 Ng4+ 32. Kf1 Nxh2+ 33. Kf2 Ng4+
34. Kf1 d3 35. Nf4 d2 36. Rd1 Re1+ 37. Rxe1 Ne3+ 38. Ke2 dxe1=Q+ 39. Kxe1 cxb4
40. Kd2 Nxf5 41. Nd5 Nh4 42. Nxb4 Nxg2 43. a4 Nf4 44. a5 Ne6 45. a6 Nc7 46. a7
Kf8 47. Kd3 Ke8 48. Nd5 Na8 49. Ke4 Kd7 50. Ke5 Kc6 51. Ne7+ Kb7 52. Nf5 g6 53.
Nd6+ Kxa7 54. Nxf7 Nc7 55. Ng5 h6 56. Kf6 hxg5 57. Kxg5 Ne6+ 58. Kxg6 1/2-1/2

[Event "33rd Leon Blitz Open 2020"]
[Site "chess.com INT"]
[Date "2020.07.14"]
[Round "4"]
[White "Deac, Bogdan-Daniel"]
[Black "Das, Arghyadip"]
[Result "1-0"]
[WhiteTitle "GM"]
[BlackTitle "IM"]
[WhiteElo "2625"]
[BlackElo "2453"]
[WhiteFideId "1226380"]
[BlackFideId "5003610"]
[EventDate "2020.07.14"]
[EventType "blitz"]

1. Nf3 d5 2. d4 c6 3. c4 dxc4 4. e3 b5 5. a4 e6 6. axb5 cxb5 7. b3 Bb4+ 8. Bd2
Bxd2+ 9. Nfxd2 Nd7 10. bxc4 bxc4 11. Qf3 Rb8 12. Rxa7 Qb6 13. Ra8 Rxa8 14. Qxa8
Ne7 15. Bxc4 O-O 16. Qa3 Nf5 17. O-O Bb7 18. Nc3 Ra8 19. Qb3 Qxb3 20. Bxb3 Nd6
21. Rb1 Rc8 22. Ne2 Kf8 23. f3 Ke7 24. e4 Ba6 25. Ng3 Nb5 26. Bc4 Na3 27. Bxa6
Nxb1 28. Bxc8 Nxd2 29. Bxd7 Kxd7 30. Kf2 g6 31. Nf1 Nc4 32. Ke2 f5 33. Ne3 Nb2
34. Kd2 Ke7 35. Kc3 Na4+ 36. Kb4 Nb2 37. Kb3 Nd3 38. Kc3 Nc1 39. e5 Ne2+ 40. Kd3
Nf4+ 41. Kd2 g5 42. g3 Ng6 43. Nc2 h5 44. Kd3 h4 45. Na3 f4 46. g4 h3 47. Nc4
Nh4 48. Nd2 Ng2 49. Ne4 Ne1+ 50. Ke2 Nc2 51. Nxg5 Nxd4+ 52. Kd3 Nc6 53. Ke4 1-0

[Event "33rd Leon Blitz Open 2020"]
[Site "chess.com INT"]
[Date "2020.07.14"]
[Round "4"]
[White "Nguyen, Hong Nhung"]
[Black "Schwabeneder, Florian"]
[Result "0-1"]
[WhiteTitle "WCM"]
[BlackTitle "IM"]
[WhiteElo "1697"]
[BlackElo "2431"]
[WhiteFideId "12412201"]
[BlackFideId "1626191"]
[EventDate "2020.07.14"]
[EventType "blitz"]

1. e4 c5 2. Nc3 Nc6 3. f4 e6 4. Nf3 d5 5. Bb5 Ne7 6. exd5 exd5 7. Qe2 g6 8. d4
cxd4 9. Nxd4 Bd7 10. Be3 Bg7 11. O-O-O O-O 12. g4 Re8 13. Qf2 Bxg4 14. Rdg1 Bd7
15. f5 Nxf5 16. Nxf5 Bxf5 17. Bxc6 bxc6 18. Bd4 Bxd4 19. Qxd4 Be4 20. Nxe4 Rxe4
21. Qc5 Qb6 22. Qc3 Qe3+ 23. Qxe3 Rxe3 24. Rf1 Kg7 25. Kd2 Rae8 26. Rf2 f5 27.
Rc1 R3e4 28. b3 Kf6 29. c4 dxc4 30. bxc4 Rd8+ 31. Kc3 c5 32. Kb3 Rb8+ 33. Ka4
Rb4+ 34. Ka5 Rbxc4 35. Rxc4 Rxc4 36. Kb5 Re4 37. Ka6 Re7 38. Kb5 g5 39. Kxc5 f4
40. Kd5 Kf5 41. Rc2 Re5+ 42. Kd4 Ra5 43. Kd3 h5 44. h3 g4 45. hxg4+ hxg4 46. Rh2
Kg5 47. Ke4 Ra4+ 48. Ke5 g3 49. Rh8 Kg4 50. Rg8+ Kf3 51. Rb8 Ra5+ 52. Kd4 g2 53.
Rb3+ Kg4 54. Rb1 f3 55. a4 f2 56. Rb4 g1=Q 57. Ke3+ Kg3 58. Kd2 Rd5+ 59. Kc2
Qd1+ 60. Kb2 Rd2+ 61. Ka3 Qa1+ 62. Kb3 Qa2+ 63. Kc3 Qc2# 0-1

[Event "33rd Leon Blitz Open 2020"]
[Site "chess.com INT"]
[Date "2020.07.14"]
[Round "4"]
[White "Karas, Marek"]
[Black "Bommini, Mounika Akshaya"]
[Result "1-0"]
[WhiteTitle "FM"]
[BlackTitle "WFM"]
[WhiteElo "2249"]
[BlackElo "2029"]
[WhiteFideId "14928558"]
[BlackFideId "25019872"]
[EventDate "2020.07.14"]
[EventType "blitz"]

1. d4 Nf6 2. Nf3 d5 3. c4 c6 4. g3 Bg4 5. Bg2 Nbd7 6. O-O e6 7. Qb3 Qb6 8. c5
Qa6 9. Nc3 b6 10. cxb6 axb6 11. Bf4 Be7 12. h3 Bh5 13. Rfe1 O-O 14. e4 dxe4 15.
Nxe4 Nd5 16. Be5 c5 17. Bd6 Bxd6 18. Nxd6 Nb4 19. Ne5 Ra7 20. a3 Nxe5 21. dxe5
Qd3 22. Re3 Qxb3 23. Rxb3 Nc2 24. Rc1 Nd4 25. Rcc3 Nxb3 26. Rxb3 Rb8 27. f4 Be2
28. Kf2 Ba6 29. Ne4 c4 30. Rc3 b5 31. Nd6 b4 32. Rc2 bxa3 33. bxa3 Rc7 34. Bf1
c3 35. Bxa6 Rb2 36. Bd3 Rb3 37. Ke3 Rxa3 38. Nb5 Raa7 39. Nxc7 Rxc7 40. Kd4 1-0

[Event "33rd Leon Blitz Open 2020"]
[Site "chess.com INT"]
[Date "2020.07.14"]
[Round "4"]
[White "Swati, Mohota"]
[Black "Rojas Salas, Steven"]
[Result "0-1"]
[WhiteTitle "WFM"]
[BlackTitle "FM"]
[WhiteElo "2027"]
[BlackElo "2194"]
[WhiteFideId "5006511"]
[BlackFideId "3819434"]
[EventDate "2020.07.14"]
[EventType "blitz"]

1. d4 d5 2. Nf3 Nf6 3. c4 c6 4. e3 a6 5. b3 Bf5 6. Bd3 e6 7. O-O Bd6 8. Ne5 O-O
9. Bb2 Nbd7 10. Bxf5 exf5 11. Nd2 Ne4 12. Nxd7 Qxd7 13. f3 Nxd2 14. Qxd2 Rfe8
15. c5 Bc7 16. b4 Re7 17. a4 Rae8 18. Rae1 Re6 19. f4 Qe7 20. Rf3 Rg6 21. Qd3
Qh4 22. Ref1 Re4 23. b5 axb5 24. axb5 h6 25. b6 Bd8 26. Qa3 Qe7 27. Qa8 Kh7 28.
Qc8 Rxe3 29. Qxf5 Rxf3 30. Rxf3 Qe1+ 31. Rf1 Qe3+ 32. Kh1 Bf6 33. Qb1 Bxd4 34.
Bxd4 Qxd4 35. f5 Rf6 36. Qc1 Qe4 37. Qf4 Qxf4 38. Rxf4 g6 39. fxg6+ Kxg6 40.
Rxf6+ Kxf6 41. Kg1 Ke5 42. Kf2 Kd4 43. g4 Kxc5 44. h4 f6 45. Ke3 Kd6 46. Kf4 Ke6
47. h5 c5 48. Ke3 Ke5 49. Kf3 f5 50. g5 hxg5 51. h6 Kf6 52. h7 Kg7 0-1

[Event "33rd Leon Blitz Open 2020"]
[Site "chess.com INT"]
[Date "2020.07.14"]
[Round "4"]
[White "Bauer, Christian"]
[Black "Abdusattorov, Nodirbek"]
[Result "0-1"]
[WhiteTitle "GM"]
[BlackTitle "GM"]
[WhiteElo "2623"]
[BlackElo "2627"]
[WhiteFideId "603767"]
[BlackFideId "14204118"]
[EventDate "2020.07.14"]
[EventType "blitz"]

1. e4 c5 2. Nf3 d6 3. c3 Nf6 4. h3 g6 5. Bd3 Bg7 6. Bc2 e5 7. d4 exd4 8. cxd4
O-O 9. O-O Nc6 10. d5 Nb4 11. Nc3 Re8 12. Bb1 Na6 13. Re1 Nc7 14. a4 b6 15. Bd3
Ba6 16. Bg5 h6 17. Bh4 Bxd3 18. Qxd3 g5 19. Bg3 Nh5 20. Bh2 Nf4 21. Bxf4 gxf4
22. Qd2 Qf6 23. Re2 Rad8 24. Nb5 Rd7 25. Rae1 a6 26. Nxc7 Rxc7 27. e5 dxe5 28.
Nxe5 Rd8 29. Ng4 Qf5 30. Re5 Qg6 31. Qxf4 Rcd7 32. Re8+ Rxe8 33. Rxe8+ Kh7 34.
Ne3 Bd4 35. b3 b5 36. axb5 axb5 37. g3 Bxe3 38. Rxe3 Rxd5 39. Rf3 Kg7 40. Kg2
Qe6 41. h4 Rd4 42. Qc7 Qd5 43. Qe7 Rd3 44. Qf6+ Kg8 45. g4 Rxb3 46. Kg3 Rxf3+
47. Qxf3 Qxf3+ 48. Kxf3 b4 0-1

[Event "33rd Leon Blitz Open 2020"]
[Site "chess.com INT"]
[Date "2020.07.14"]
[Round "4"]
[White "Melkumyan, Hrant"]
[Black "Fakhrutdinov, Timur"]
[Result "1-0"]
[WhiteTitle "GM"]
[BlackTitle "FM"]
[WhiteElo "2663"]
[BlackElo "2501"]
[WhiteFideId "13302485"]
[BlackFideId "24176702"]
[EventDate "2020.07.14"]
[EventType "blitz"]

1. e4 e5 2. Nf3 Nc6 3. Bc4 Bc5 4. c3 Nf6 5. d4 exd4 6. e5 d5 7. Bb5 Ne4 8. cxd4
Bb6 9. Nc3 O-O 10. Be3 Bg4 11. h3 Bh5 12. Qc2 Bg6 13. Qb3 Ne7 14. O-O c6 15. Bd3
Nd2 16. Nxd2 Bxd3 17. Rfe1 Bg6 18. Na4 Nf5 19. Nxb6 Qxb6 20. Qc3 f6 21. Nf3 Rae8
22. Bf4 Qd8 23. g4 Ne7 24. exf6 gxf6 25. Re3 Be4 26. Nd2 f5 27. Bh6 Rf6 28. Bg5
Rg6 29. Bxe7 Qxe7 30. f3 Qh4 31. fxe4 dxe4 32. Qb3+ Kh8 33. Qf7 Reg8 34. Qxf5
Rxg4+ 35. hxg4 Rxg4+ 36. Qxg4 Qxg4+ 37. Kf2 Qf4+ 38. Ke2 Qh2+ 39. Ke1 Qh4+ 40.
Kd1 Qh1+ 41. Re1 Qh5+ 42. Kc2 1-0

[Event "33rd Leon Blitz Open 2020"]
[Site "chess.com INT"]
[Date "2020.07.14"]
[Round "4"]
[White "Antipov, Mikhail Al."]
[Black "Ponkratov, Pavel"]
[Result "0-1"]
[WhiteTitle "GM"]
[BlackTitle "GM"]
[WhiteElo "2584"]
[BlackElo "2631"]
[WhiteFideId "4107012"]
[BlackFideId "4157800"]
[EventDate "2020.07.14"]
[EventType "blitz"]

1. e4 e5 2. Nf3 Nc6 3. Bc4 Nf6 4. d3 h6 5. a4 g5 6. a5 Bg7 7. Nc3 d6 8. a6 b6 9.
Nd5 Ne7 10. Bb5+ Bd7 11. Nxf6+ Bxf6 12. Bxd7+ Qxd7 13. c4 c6 14. h4 g4 15. Nd2
h5 16. Nf1 d5 17. cxd5 cxd5 18. Ne3 O-O-O 19. Qa4 Kb8 20. Bd2 Qxa4 21. Rxa4 dxe4
22. dxe4 Rd4 23. Rxd4 exd4 24. Nc4 Ng6 25. Bg5 Bxg5 26. hxg5 Kc7 27. Na3 Kc6 28.
Kd2 b5 29. Nc2 Kc5 30. Rc1 Ne5 31. b3 h4 32. Ne3+ Kb6 33. Nd5+ Kxa6 34. Rc7 b4
35. Nxb4+ Kb5 36. Nc2 Kb6 37. Re7 Nc6 38. Rxf7 h3 39. gxh3 gxh3 40. g6 h2 41. g7
h1=Q 42. gxh8=Q Qxh8 43. Rf5 Qh3 44. f3 Qg2+ 45. Kd3 Qf1+ 46. Kd2 d3 47. Na3
Qe2+ 48. Kc3 d2 49. Nc4+ Qxc4+ 0-1

[Event "33rd Leon Blitz Open 2020"]
[Site "chess.com INT"]
[Date "2020.07.14"]
[Round "4"]
[White "Lopez Idarraga, Daniel Eduardo"]
[Black "Sengupta, Deep"]
[Result "1-0"]
[WhiteTitle "FM"]
[BlackTitle "GM"]
[WhiteElo "2009"]
[BlackElo "2527"]
[WhiteFideId "4405501"]
[BlackFideId "5008352"]
[EventDate "2020.07.14"]
[EventType "blitz"]

1. d4 e6 2. Nf3 d5 3. Bf4 Bd6 4. Bg3 Nf6 5. Nbd2 c5 6. e3 Qc7 7. c4 Nbd7 8. cxd5
exd5 9. Rc1 Bxg3 10. hxg3 Qa5 11. dxc5 Nxc5 12. Be2 Bf5 13. O-O O-O 14. Nd4 Bg6
15. N2b3 Nxb3 16. Qxb3 Rab8 17. Bf3 Rfd8 18. Rfd1 h6 19. Nb5 Be4 20. a3 Qb6 21.
Nd4 Qd6 22. Nb5 Qb6 23. Nd4 Qa6 24. Rc7 Bxf3 25. gxf3 Ne8 26. Rc5 Qf6 27. Rxd5
Rxd5 28. Qxd5 Nc7 29. Qc5 Qb6 30. Qxb6 axb6 31. Rc1 Ne8 32. Nb5 Rd8 33. Kg2 Kh7
34. Rc4 Rd2 35. Rb4 Nf6 36. Nc3 Nd7 37. Na4 Rd6 38. e4 f6 39. f4 Kg6 40. Nc3 Kf7
41. Nb5 Rd2 42. Nc3 Ke6 43. Nd5 f5 44. Nxb6 Nc5 45. exf5+ Kxf5 46. Rb5 1-0

[Event "33rd Leon Blitz Open 2020"]
[Site "chess.com INT"]
[Date "2020.07.14"]
[Round "4"]
[White "Livaic, Leon"]
[Black "Flores Quillas, Diego Saul Rodri"]
[Result "0-1"]
[WhiteTitle "IM"]
[BlackTitle "FM"]
[WhiteElo "2507"]
[BlackElo "2245"]
[WhiteFideId "14531534"]
[BlackFideId "3822508"]
[EventDate "2020.07.14"]
[EventType "blitz"]

1. d4 Nf6 2. c4 c5 3. d5 e6 4. Nc3 exd5 5. cxd5 d6 6. e4 g6 7. f4 Bg7 8. Bb5+
Nfd7 9. Nf3 a6 10. Bd3 b5 11. O-O O-O 12. Qe1 c4 13. Bc2 Nc5 14. f5 Nbd7 15. Qg3
Qe7 16. Bg5 Bf6 17. Qh4 Re8 18. Rae1 Bxg5 19. Nxg5 h5 20. fxg6 fxg6 21. Rf7 Qd8
22. Qf4 Ne5 23. Rf1 Bd7 24. Nh7 Nxf7 25. Qxf7+ Kh8 26. e5 Rxe5 27. Qxg6 Qe7 28.
Qh6 Qg7 29. Qxd6 Rg8 30. g3 h4 31. Nf6 hxg3 32. h4 g2 33. Rd1 Qg3 34. Qxc5 Re1+ 0-1

[Event "33rd Leon Blitz Open 2020"]
[Site "chess.com INT"]
[Date "2020.07.14"]
[Round "4"]
[White "Safarli, Eltaj"]
[Black "Maly, Alexey"]
[Result "0-1"]
[WhiteTitle "GM"]
[BlackTitle "IM"]
[WhiteElo "2598"]
[BlackElo "2371"]
[WhiteFideId "13402129"]
[BlackFideId "14103184"]
[EventDate "2020.07.14"]
[EventType "blitz"]

1. e4 c6 2. d4 d5 3. exd5 cxd5 4. c4 Nf6 5. Nc3 e6 6. Nf3 Be7 7. cxd5 Nxd5 8.
Bd3 Nc6 9. O-O O-O 10. Re1 Nf6 11. Bg5 Nd5 12. Bd2 Nf6 13. Be3 Nb4 14. Bb1 b6
15. a3 Nbd5 16. Bg5 Bb7 17. Qd3 g6 18. Ba2 Rc8 19. Ne5 Qc7 20. Rac1 Nxc3 21.
bxc3 Nd7 22. Bh6 Nxe5 23. Rxe5 Rfd8 24. Qh3 Rxd4 25. Rxe6 Rh4 26. Rxe7 Qxe7 27.
Qe3 Qxe3 28. Bxe3 Ra4 29. Bb1 Rxa3 30. Bd4 b5 31. Re1 Bd5 32. h4 Bc4 33. Kh2 Ra1
34. Rg1 a5 35. h5 a4 36. hxg6 fxg6 37. Re1 a3 38. Re7 Rxb1 39. Rg7+ Kf8 40. Rxh7
Rc6 0-1

[Event "33rd Leon Blitz Open 2020"]
[Site "chess.com INT"]
[Date "2020.07.14"]
[Round "4"]
[White "Horvath, Dominik"]
[Black "Sasikiran, Krishnan"]
[Result "0-1"]
[WhiteTitle "IM"]
[BlackTitle "GM"]
[WhiteElo "2446"]
[BlackElo "2647"]
[WhiteFideId "1642561"]
[BlackFideId "5004985"]
[EventDate "2020.07.14"]
[EventType "blitz"]

1. d4 Nf6 2. c4 g6 3. Nc3 Bg7 4. e4 d6 5. Nf3 O-O 6. Be2 e5 7. O-O Nc6 8. dxe5
dxe5 9. Bg5 Bg4 10. Qxd8 Raxd8 11. Nd5 Nxe4 12. Bxd8 Rxd8 13. Rfd1 Rc8 14. h3
Be6 15. Bd3 Nd6 16. Ng5 Bxd5 17. cxd5 Nd4 18. Nf3 Nxf3+ 19. gxf3 Bh6 20. a4 Kf8
21. a5 Ke7 22. Ra4 Bf4 23. Rb4 a6 24. Rb3 h5 25. Rc3 h4 26. b4 Kd7 27. Bc2 Rh8
28. Ba4+ Kd8 29. Rb3 Rh5 30. b5 axb5 31. Bxb5 Rg5+ 32. Kf1 e4 33. fxe4 Nxe4 34.
Bd3 Nd2+ 35. Rxd2 Bxd2 36. Rxb7 Bxa5 37. d6 Rd5 38. dxc7+ Bxc7 39. Bc4 Rf5 40.
Rb5 Rf4 41. Bd5 Bd6 42. Kg2 g5 43. Rb7 f6 44. Bc6 Bc5 45. f3 Rd4 46. Bd7 Rxd7 0-1

[Event "33rd Leon Blitz Open 2020"]
[Site "chess.com INT"]
[Date "2020.07.14"]
[Round "4"]
[White "Lintchevski, Daniil"]
[Black "Aitbayev, Aslan"]
[Result "1-0"]
[WhiteTitle "GM"]
[BlackTitle "IM"]
[WhiteElo "2559"]
[BlackElo "2457"]
[WhiteFideId "4171055"]
[BlackFideId "13704613"]
[EventDate "2020.07.14"]
[EventType "blitz"]

1. e4 d6 2. d4 Nf6 3. Nc3 g6 4. g3 Bg7 5. Bg2 O-O 6. Nge2 e5 7. O-O Nc6 8. dxe5
Nxe5 9. f4 Nc6 10. h3 Be6 11. g4 Bc4 12. Re1 Bxe2 13. Rxe2 Nd7 14. Be3 Nb6 15.
Qd3 Re8 16. Rf1 Qd7 17. a3 Rad8 18. Bf2 Na5 19. b3 Nc6 20. Rd1 h6 21. Rde1 g5
22. Be3 gxf4 23. Bxf4 Nd4 24. Rf2 c6 25. Bxh6 Bxh6 26. Qxd4 Bg7 27. Qd3 d5 28.
Rfe2 dxe4 29. Qxd7 Rxd7 30. Nxe4 Rde7 31. Kf1 Nd5 32. Nd6 Rxe2 33. Rxe2 Rxe2 34.
Kxe2 Nf4+ 35. Kf3 Nxg2 36. Kxg2 Bf8 37. Nxb7 Bxa3 38. Na5 c5 39. Nc6 a6 40. Nb8
a5 41. Nc6 c4 42. Nxa5 cxb3 43. cxb3 Kf8 44. Kf3 Ke7 45. Ke4 Ke6 46. Nc6 Kd6 47.
Ne5 Kc5 48. Nxf7 Kb4 49. g5 Kxb3 50. g6 Bf8 51. h4 Kb4 52. h5 Kc5 53. h6 Bg7 1-0

[Event "33rd Leon Blitz Open 2020"]
[Site "chess.com INT"]
[Date "2020.07.14"]
[Round "4"]
[White "Lysyj, Igor"]
[Black "Erigaisi, Arjun"]
[Result "0-1"]
[WhiteTitle "GM"]
[BlackTitle "GM"]
[WhiteElo "2594"]
[BlackElo "2559"]
[WhiteFideId "4150120"]
[BlackFideId "35009192"]
[EventDate "2020.07.14"]
[EventType "blitz"]

1. d4 e6 2. c4 Nf6 3. Nf3 d5 4. g3 Bb4+ 5. Bd2 Be7 6. Bg2 O-O 7. O-O c6 8. Qc2
b6 9. Ne5 Ba6 10. Rc1 dxc4 11. e3 Nd5 12. Nxc4 Nd7 13. e4 Nc7 14. Be3 Rc8 15.
Rd1 h6 16. Nbd2 c5 17. d5 exd5 18. exd5 Nb5 19. Qa4 Nb8 20. Bf4 Nd4 21. Bxb8 Bb5
22. Qxa7 Rxb8 23. Re1 Bf6 24. Rac1 Bd7 25. Ne4 Bg4 26. Kh1 Nf3 27. Red1 Bd4 28.
h3 Bh5 29. g4 Bxg4 30. Ng3 Qh4 31. Rxd4 Nxd4 32. Ne3 Bxh3 33. d6 Rbd8 34. Qe7
Bxg2+ 35. Kxg2 Qf4 36. Rh1 Rxd6 37. Rh5 Qf3+ 38. Kg1 Rg6 39. Qe5 Ne2+ 0-1

[Event "33rd Leon Blitz Open 2020"]
[Site "chess.com INT"]
[Date "2020.07.14"]
[Round "4"]
[White "Korobov, Anton"]
[Black "Pichot, Alan"]
[Result "1/2-1/2"]
[WhiteTitle "GM"]
[BlackTitle "GM"]
[WhiteElo "2688"]
[BlackElo "2630"]
[WhiteFideId "14105730"]
[BlackFideId "110973"]
[EventDate "2020.07.14"]
[EventType "blitz"]

1. d4 Nf6 2. c4 e6 3. Nc3 Bb4 4. e3 O-O 5. Bd3 d5 6. Nf3 dxc4 7. Bxc4 c5 8. O-O
cxd4 9. exd4 b6 10. Bg5 Bb7 11. Qe2 Nbd7 12. Rac1 h6 13. Bh4 Rc8 14. Rfd1 Bxf3
15. gxf3 Bxc3 16. bxc3 Qc7 17. Ba6 Rcd8 18. Bg3 Qc6 19. c4 Nh5 20. Qe4 Qxe4 21.
fxe4 Nxg3 22. hxg3 e5 23. dxe5 Nc5 24. Bb5 Nxe4 25. Kg2 Nc5 26. f4 f6 27. exf6
gxf6 28. Bc6 Kg7 29. Kf3 Nd3 30. Rb1 Nc5 31. Kg4 Nd3 32. Kf5 Nc5 33. Rxd8 Rxd8
34. Re1 Kf7 35. Bd5+ Kf8 36. Kxf6 Rd6+ 37. Kf5 a5 38. g4 Rd8 39. g5 hxg5 40.
fxg5 Rd6 41. g6 a4 42. Re8+ Kxe8 43. g7 Rxd5+ 44. cxd5 Kf7 45. Ke5 Kxg7 46. Kd6
a3 47. Kc6 Kf7 48. Kxb6 Ne4 49. Kb5 Nc3+ 50. Kb4 Nxa2+ 51. Kxa3 Nc3 52. Kb4
Nxd5+ 1/2-1/2

[Event "33rd Leon Blitz Open 2020"]
[Site "chess.com INT"]
[Date "2020.07.14"]
[Round "4"]
[White "Fawzy, Adham"]
[Black "Smirnov, Anton"]
[Result "0-1"]
[WhiteTitle "GM"]
[BlackTitle "GM"]
[WhiteElo "2467"]
[BlackElo "2597"]
[WhiteFideId "10613129"]
[BlackFideId "3208923"]
[EventDate "2020.07.14"]
[EventType "blitz"]

1. e4 e6 2. d4 d5 3. Nc3 Bb4 4. exd5 exd5 5. Bd3 c6 6. Qf3 Qf6 7. Be3 Be6 8.
O-O-O Nd7 9. Qg3 Bxc3 10. bxc3 h6 11. Nf3 Ne7 12. Qc7 O-O 13. Ne5 Nb6 14. g4
Rfc8 15. Qd6 Rd8 16. Qa3 Nc4 17. Bxc4 dxc4 18. Rhg1 Nd5 19. g5 hxg5 20. Bxg5
Qxf2 21. Bxd8 Ne3 22. Kb1 Qxc2+ 23. Ka1 Qxd1+ 24. Rxd1 Nc2+ 25. Kb2 Nxa3 26. Bh4
Nb5 27. Rg1 Nd6 28. Bf6 Ne8 29. Be7 f6 30. Ng6 Kf7 31. Ba3 Bf5 32. Nf4 Nc7 33.
Rf1 Rh8 34. Rf2 g6 35. Bd6 Nd5 36. Nxd5 cxd5 37. a4 Ke6 38. Bg3 Rh7 39. Ka3 Be4
40. a5 g5 41. Kb4 f5 42. Be5 f4 43. Kc5 Kf5 44. Rb2 Kg4 45. Bb8 b6+ 46. axb6
axb6+ 47. Kxb6 Kf3 48. Kc5 g4 49. Bd6 g3 50. hxg3 fxg3 51. Bxg3 Kxg3 0-1